| 000 | 00353nam a2200145Ia 4500 | ||
|---|---|---|---|
| 008 | 230312s9999||||xx |||||||||||||| ||und|| | ||
| 020 | _a9781118097595 | ||
| 082 |
_a004.6 _bMCM-C |
||
| 100 | _aBlockmon Raymond | ||
| 245 | 0 | _aCertified Ethical Hacker Version 9 | |
| 260 |
_bjohn wiley _aUSA _c2011 |
||
| 300 | _a691 | ||
| 650 | _aComputer | ||
| 942 | _cBK | ||
| 999 |
_c16849 _d16849 |
||